| 000 | 00398pab a2200169 454500 | ||
|---|---|---|---|
| 008 | 180718b2008 xxu||||| |||| 00| 0 eng d | ||
| 100 | _aSinha, C.P. | ||
| 245 | _aManagement of floods in Bihar | ||
| 260 | _c2008 | ||
| 300 | _ap.40-42. | ||
| 362 | _a15 Nov | ||
| 650 | _aFloods - India - Bihar | ||
| 650 | _aFloods | ||
| 773 | _aEconomic and Political Weekly | ||
| 908 | _aN | ||
| 909 | _a80295 | ||
| 999 |
_c80295 _d80295 |
||